<?xml version="1.0" encoding="UTF-8"?>
<record
    xmlns:xsi="http://www.w3.org/2001/XMLSchema-instance"
    xsi:schemaLocation="http://www.loc.gov/MARC21/slim http://www.loc.gov/standards/marcxml/schema/MARC21slim.xsd"
    xmlns="http://www.loc.gov/MARC21/slim">

  <leader>00392nam a2200145Ia 4500</leader>
  <controlfield tag="008">230519s9999    xx            000 0 und d</controlfield>
  <datafield tag="020" ind1=" " ind2=" ">
    <subfield code="a">978-81-95076-78-9</subfield>
  </datafield>
  <datafield tag="041" ind1=" " ind2=" ">
    <subfield code="a">eng</subfield>
  </datafield>
  <datafield tag="082" ind1=" " ind2=" ">
    <subfield code="a">X/891/WAG/DB0956</subfield>
  </datafield>
  <datafield tag="100" ind1=" " ind2=" ">
    <subfield code="a">Wagh Mahendra</subfield>
    <subfield code="9">180565</subfield>
  </datafield>
  <datafield tag="245" ind1=" " ind2=" ">
    <subfield code="a">Hrunanubandh Raktache</subfield>
  </datafield>
  <datafield tag="260" ind1=" " ind2=" ">
    <subfield code="b">Bharatiy Vichar Sadhana Pune Prakashan</subfield>
    <subfield code="a">Pune</subfield>
    <subfield code="c">2021</subfield>
  </datafield>
  <datafield tag="300" ind1=" " ind2=" ">
    <subfield code="a">264p</subfield>
  </datafield>
  <datafield tag="999" ind1=" " ind2=" ">
    <subfield code="c">159540</subfield>
    <subfield code="d">159540</subfield>
  </datafield>
  <datafield tag="952" ind1=" " ind2=" ">
    <subfield code="0">0</subfield>
    <subfield code="1">0</subfield>
    <subfield code="4">0</subfield>
    <subfield code="7">0</subfield>
    <subfield code="8">X</subfield>
    <subfield code="a">BTIN</subfield>
    <subfield code="b">BTIN</subfield>
    <subfield code="d">2022-03-28</subfield>
    <subfield code="g">250.00</subfield>
    <subfield code="i">54</subfield>
    <subfield code="l">0</subfield>
    <subfield code="o">X 891 WAG DB0956</subfield>
    <subfield code="p">BTIN-DB-956</subfield>
    <subfield code="r">2023-05-19 00:00:00</subfield>
    <subfield code="w">2022-03-25</subfield>
    <subfield code="y">DB</subfield>
    <subfield code="z">DB0956</subfield>
  </datafield>
</record>
